Effects of irrigation systems on cucumber,(ឥទ្ធិពលប្រព័ន្ធស្រោស្រពលើដំណាំត្រសក់) (Record no. 1152)

000 -LEADER
fixed length control field 00512nam a22001577a 4500
003 - CONTROL NUMBER IDENTIFIER
control field OSt
005 - DATE AND TIME OF LATEST TRANSACTION
control field 20150923155141.0
008 - FIXED-LENGTH DATA ELEMENTS--GENERAL INFORMATION
fixed length control field 150923b xxu||||| |||| 00| 0 eng d
040 ## - CATALOGING SOURCE
Transcribing agency RUA
082 ## - DEWEY DECIMAL CLASSIFICATION NUMBER
Classification number AGR TY 2011 B048 Or.1
100 ## - MAIN ENTRY--PERSONAL NAME
9 (RLIN) 1208
Personal name TY KEAR
245 ## - TITLE STATEMENT
Title Effects of irrigation systems on cucumber,(ឥទ្ធិពលប្រព័ន្ធស្រោស្រពលើដំណាំត្រសក់)
260 ## - PUBLICATION, DISTRIBUTION, ETC. (IMPRINT)
Place of publication, distribution, etc. phnom penh
Name of publisher, distributor, etc. RUA
Date of publication, distribution, etc. 2011
300 ## - PHYSICAL DESCRIPTION
Extent x, 40p.
Dimensions ill.
Size of unit 29cm.
942 ## - ADDED ENTRY ELEMENTS (KOHA)
Source of classification or shelving scheme
Koha item type AGR
Holdings
Price effective from Date last seen Permanent Location Not for loan Date acquired Source of classification or shelving scheme Koha item type Lost status Withdrawn status Total Renewals Date last checked out Total Checkouts Shelving location Damaged status Barcode Current Location Full call number
2015-09-232023-11-22Library Block B 2015-09-23 AGR   2023-11-145B048 RUA000411Library Block BAGR TY 2011 B048 Or.1
2015-09-232015-09-23Library Block B 2015-09-23 AGR     B048 RUA000699Library Block BAGR TY 2011 B048 Or.2
2015-09-232016-10-26Library Block B 2015-09-23 AGR   2016-10-254B048 RUA000771Library Block BAGR TY 2011 B048 Or.3
2016-01-262023-11-22Library Block B 2016-01-26 AGR  32023-11-134B048 RUA046260Library Block BAGR TY 2011 B048 Or.4
មជ្ឈមណ្ឌលឯការនៃសាកលវិទ្យាល័យភូមិន្ទកសិកម្មចំការដូង

Powered by Koha